000 00646nam a2200181Ia 4500
008 090124s9999 xx 000 0 und d
082 _b20090
100 _aजोशी नारायण धोंडदेव
245 _a समासबोध व संधिबोध
250 _a0
260 _bइंदुप्रकाश
_c1975
300 _a40
600 _aजोशी नारायण धोंडदेव
630 _a समासबोध व संधिबोध
700 _aजोशी नारायण धोंडदेव
730 _a समासबोध व संधिबोध
942 _cBOOK
999 _c90823
_d90823